| 000 | 01101nam0a22002771 4500 | ||
|---|---|---|---|
| 001 | rc\2379044 | ||
| 005 | 20250623071414.0 | ||
| 035 | _a(NLR Aleph) 006661217 | ||
| 090 |
_a4896533 _c4896533 |
||
| 100 | _a20110829d1979 |||y0rusy50 ca | ||
| 101 | 0 | _arus | |
| 102 | _aRU | ||
| 105 | _aa d ||||| | ||
| 200 | 1 |
_aИсследование методов интенсификации технологических...производства черного чая _eАвтреф. дис. на соиск. учен. степ. канд. техн. наук _e(05.18.09) |
|
| 210 |
_aСухуми _cБ. и. _d1979 |
||
| 215 |
_a29 с. _cил. |
||
| 300 | _aВ надзаг.: Груз. ин-т субтроп. хоз-ва. Специализир. совет К-120.52.01 | ||
| 320 | _aСписок работ авт.: с. 28-29 (9 назв.) | ||
| 700 | 1 |
_aРевишвили _bТ.О. _gТемури Отарович |
|
| 801 | 0 |
_aRU _bNLR _gpsbo |
|
| 801 | 1 |
_aRU _bELAR _2rusmarc |
|
| 852 |
_aNLR _j80-4/2309 |
||
| 899 |
_aRuMoRGB _jДр 385/884 |
||
| 899 |
_aRuMoRGB _jДр 385/885 |
||
| 942 | _cBOOK | ||
| 980 | _aNB | ||